Dictionary of international relations (Record no. 9722)

MARC details
000 -LEADER
fixed length control field 00492cam a2200193ua 4500
001 - CONTROL NUMBER
control field 10767
005 - DATE AND TIME OF LATEST TRANSACTION
control field 20260515114647.0
008 - FIXED-LENGTH DATA ELEMENTS--GENERAL INFORMATION
fixed length control field 190402n ii |||gr||||Z||||||eng
020 ## - INTERNATIONAL STANDARD BOOK NUMBER
International Standard Book Number 8178901269
040 ## - CATALOGING SOURCE
Transcribing agency MAIN
082 ## - DEWEY DECIMAL CLASSIFICATION NUMBER
Classification number 327.03
100 ## - MAIN ENTRY--PERSONAL NAME
Personal name Taruna Sareen,
Relator term Author.
245 ## - TITLE STATEMENT
Title Dictionary of international relations
Statement of responsibility, etc. By Taruna Sareen
250 ## - EDITION STATEMENT
Edition statement 1st ed.
260 ## - PUBLICATION, DISTRIBUTION, ETC.
Place of publication, distribution, etc. Delhi:
Name of publisher, distributor, etc. IVY publishing house,
Date of publication, distribution, etc. 2005.
300 ## - PHYSICAL DESCRIPTION
Extent 378p.
653 ## - INDEX TERM--UNCONTROLLED
Uncontrolled term International relations
942 ## - ADDED ENTRY ELEMENTS (KOHA)
Koha item type Books
Holdings
Withdrawn status Lost status Damaged status Not for loan Home library Current library Shelving location Date acquired Total checkouts Full call number Barcode Date last seen Copy number Price effective from Koha item type
        Naharkatiya College Library Naharkatiya College Library General stacks 09/19/2020   327.03Dictionary of international relations | SAR 24895 09/19/2020 1 09/19/2020 Books